Cumul des lettres des Capitales du monde - Statistiques

Statistiques générales
  • Ce quiz a été pris 103 fois
  • Le résultat moyen est 2 sur 26
Statistiques - réponses
Nombre Lettre % Correct
237 A
100%
118 O
54%
115 E
44%
114 I
31%
109 N
7%
94 R
4%
69 L
1%
1 Q
1%
80 S
1%
72 T
1%
68 U
1%
53 B
0%
33 C
0%
45 D
0%
6 F
0%
40 G
0%
26 H
0%
16 J
0%
36 K
0%
52 M
0%
34 P
0%
25 V
0%
14 W
0%
3 X
0%
15 Y
0%
5 Z
0%
Aucun quiz correspondant
Distribution des résultats
% des personnes avec chaque résultat
Percentile par nombre de réponses
Votre historique - résultats
Vous n’avez pas pris ce quiz